01580nam a2200157 4500008004100000100001900041245012900060260000900189300001500198520112100213650001201334650002201346700002001368700001701388773001701405190205b ||||| |||| 00| 0 eng d aMcCarthy, Lucy aVoiceless but empowered farmers in corporate supply chains: bcontradictory imagery and instrumental approach to empowerment c2018 ap.609-635. aThere have been calls for a shift of focus toward the political and power-laden aspects of transitioning toward socially equitable global supply chains. This article offers an empirically grounded response to these calls from a critical realist stance in the context of global food supply chains. We examine how an imaginary for sustainable farming structured around an instrumental construction of empowerment limits what is viewed as permissible, desirable, and possible in global food supply chains. We adopt a multimodal critical discourse analysis to examine the sustainable farming imaginary for smallholder farmers constructed by one large organization, Unilever, in a series of videos produced and disseminated on YouTube. We expose the underlying mechanisms of power and marginalization at work within the sustainability imaginary and show how ‘empowerment’ has the potential to create new dependencies for these farmers. We recontextualize the representations to show that while the imaginary may be commercially feasible, it is less achievable in terms of empowering smallholder farmers. - Reproduced. aFarmers aFood supply chain aTouboulic, Anne aMattews, Lee aOrganization